000 00619nam a2200193 i 4500
001 000018146
003 DO-SdBNP
005 20250130092146.0
007 ta
008 100416s1963 dr a 000 0 spa d
040 _aDO-SdBNP
_bspa
_cBNPHU
049 _aBNPD
082 4 _axxx
_bR337o
_222
110 1 _aRepública Dominicana.
_bSecretaría de Estado de Educación, Bellas Artes y Cultos
_923965
245 1 0 _aReglas oficiales del atletismo
264 1 _aSanto Domingo :
_bSecretaría de Estado de Educación, Bellas Artes y Cultos,
_c1963.
300 _a113 páginas :
_bilustraciones ;
_c15 cm.
942 _2ddc
_cLBS1
999 _c17667
_d17667